| 000 | 00602nam a22002057a 4500 | ||
|---|---|---|---|
| 005 | 20241205085714.0 | ||
| 008 | 241205b ||||| |||| 00| 0 eng d | ||
| 020 | _a9789389891232 | ||
| 040 | _cAL | ||
| 041 | _aEnglish | ||
| 082 |
_223 _a342.54 _bBHAE |
||
| 100 |
_aK L Bhatia _9187698 |
||
| 245 | _aExpounding Constitutionalism in India: Challenges and Perspectives | ||
| 260 |
_aGurgaon _bThomson Reuters _c2020 |
||
| 300 |
_a262 p. _bPB _c23x15 cm. |
||
| 365 |
_a1060 _b₹434.35 _c₹ _d₹595.00 _e27% _f28-11-2024 |
||
| 650 |
_aLaw _9187699 |
||
| 700 |
_aBHATIA (K L) _9187700 |
||
| 942 |
_2ddc _cBK |
||
| 999 |
_c232067 _d232067 |
||